|
|
|
|
| LEADER |
00927nam a2200217 a 4500 |
| 001 |
00024602 |
| 008 |
120314s2011 enka b 001 0 eng d |
| 020 |
|
|
|a 9781849513241
|
| 040 |
|
|
|a BD-DhAAL
|c BD-DhAAL
|
| 082 |
0 |
4 |
|a 006.3/7
|2 22
|
| 100 |
1 |
|
|a Laganière,R.
|
| 245 |
1 |
0 |
|a OpenCV 2 computer vision application programming cookbook :
|b over 50 recipes to master this library of programming functions for real-time computer vision /
|c R Laganière
|
| 260 |
|
|
|a Birmingham, UK :
|b Packt Pub.,
|c 2011.
|
| 300 |
|
|
|a iii,287 p. :
|b ill. ;
|c 24 cm.
|
| 504 |
|
|
|a Includes bibliographical references and index.
|
| 541 |
1 |
|
|e 0024602
|
| 650 |
|
0 |
|a OpenCV.
|
| 650 |
|
0 |
|a Computer vision.
|
| 852 |
1 |
|
|a Ayesha Abed Library
|j General shelf
|
| 999 |
|
|
|c 11964
|d 11964
|
| 952 |
|
|
|0 0
|1 0
|4 0
|6 006_370000000000000_LAG
|7 0
|9 19676
|a BRACUL
|b BRACUL
|c GEN
|d 2012-03-14
|e Trim Education
|g 5225.00
|l 11
|m 90
|o 006.37 LAG
|p 3010024602
|r 2026-04-02
|s 2025-10-11
|t 1
|w 2012-03-15
|y BK
|